01440 2200409 4500001002100000005001500021035002000036007000300056008004100059020002200100100003900122245022900161250003400390300002800424700003600452700003400488700003100522700002700553700002600580700004200606700002600648700003600674700002900710504002800739264003300767336002100800337003000821338002300851040002200874082001700896084001900913090002200932650002000954850001200974999002200986990002201008INLIS00000000087860520230522085250 a0010-0523000482ta230522t2022 yoi g ind d a978-623-316-951-60 aNur Cahyani Ari LestariePengarang10aBayi berat badan lahir rendah (BBLR) /cNur Cahyani Ari Lestari, Syahrida Wahyu Utami, Noorhayati Maslani, Vistra Veftisia, Azura Arisa, Rima Diaty, Baharika Suci Dwi Aningsih, Ana Rofika, Irfana Tri Wijayanti, Siti Marfu'ah aCetakan Pertama, Agustus 2022 avi, 56 halaman ;c23 cm0 aSyahrida Wahyu UtamiePengarang0 aNoorhayati MaslaniePengarang0 aVistra VeftisiaePengarang0 aAzura ArisaePengarang0 aRima DiatyePengarang0 aBaharika Suci Dwi AningsihePengarang0 aAna RofikaePengarang0 aIrfana Tri WijayantiePengarang0 aSiti Marfu'ahePengarang aBibliografi: halaman 5031aYogyakarta :bK-Media,c2022 2rdacontentateks 2rdamediaatanpa perantara 2rdacarrieravolume aYOPDYOGbinderda04223a618.9201 a618.9201 NUR b aCB-D.11 2022-3518 4aBayi baru lahir aYOPDYOG aCB-D.11/2022-3518 aCB-D.11/2022-3518